Hasičská stanica

Salvato in:
Dettagli Bibliografici
Autore principale: Pecúchová, Petra (Autore)
Altri autori: Palko, Milan (Relatore della tesi)
Natura: Manoscritto Libro
Lingua:slovacco
Pubblicazione: 2023
Soggetti:
Accesso online:http://is.stuba.sk/zp/portal_zp.pl?podrobnosti=170234
https://opac.crzp.sk/?fn=detailBiblioForm&sid=C0DEB8E07572332BA9260C15805F
Tags: Aggiungi Tag
Nessun Tag, puoi essere il primo ad aggiungerne!!

MARC

LEADER 00000ntm a22000003a 4500
001 stuzp94061
003 SK-STU
005 20230921083139.0
007 ta
008 150427s2015----xo-----f-mn---000-0-slo-d
040 |a STU  |b slo 
041 0 |a slo 
100 1 |a Pecúchová, Petra  |u 010180  |4 aut  |U SvF Stavebná fakulta  |T SvF Katedra konštrukcií pozemných stavieb  |X 93066  |U V180  |Y 18  |7 93066 
242 0 1 |a Fire station  |y eng 
245 1 0 |a Hasičská stanica 
260 |c 2023 
650 4 |a Hasičská stanica  |2 slo 
650 4 |a Vegetačná strecha  |2 slo 
650 4 |a Projekt  |2 slo 
650 4 |a Garáž  |2 slo 
650 4 |a project  |2 eng 
650 4 |a garage  |2 eng 
650 4 |a Fire station  |2 eng 
650 4 |a vegetation roof  |2 eng 
700 1 |a Palko, Milan  |u 010180  |k Z1  |4 ths  |U SvF Stavebná fakulta  |T SvF Katedra konštrukcií pozemných stavieb  |X 2552  |U V180  |Y 18  |7 A000002552 
856 4 |u http://is.stuba.sk/zp/portal_zp.pl?podrobnosti=170234 
856 4 |u https://opac.crzp.sk/?fn=detailBiblioForm&sid=C0DEB8E07572332BA9260C15805F